| 000 | 00866cab a2200229 4500 | ||
|---|---|---|---|
| 001 | ABS42071 | ||
| 008 | 090401t1990 xxu||||| |||| 00| 0 eng d | ||
| 035 | _a(Sirsi) u34535 | ||
| 041 | _aeng | ||
| 245 | _aLand of hope and glory | ||
| 260 | _c1990 | ||
| 350 | _a0 | ||
| 490 |
_aLloyds Bank Economic Bulletin _v(133) January 1990 1-4(4) |
||
| 520 | _aDiscusses farmland as an investment during the 1980s. The implications of the green pound, the EMS , land ownership , tax and development . Also discussed are non- farming uses for land such as tourism and housing . Charts showing land prices and income , key ratios, balance sheets, assets and farmers income are included. | ||
| 650 | _aALTERNATIVE USES | ||
| 650 | _aDOMESDAY BOOK | ||
| 650 | _aFARMING | ||
| 650 | _aROLLOVER RELIEF | ||
| 690 | _aRURAL PRACTICE | ||
| 942 | _n0 | ||
| 948 | _c04/03/1997 | ||
| 999 |
_c22860 _d22860 |
||